| Tag |
First Indicator |
Second Indicator |
Subfields |
| LEADER |
00000pam a2200000 4500 |
| 001 |
in00000095018 |
| 005 |
20150927110622.0 |
| 008 |
740321s1974 maua 00000 eng |
| 010 |
|
|
|a 74005312
|
| 020 |
|
|
|a 0316534501
|
| 035 |
|
|
|a (OCoLC)00866567
|
| 035 |
|
|
|9 AAL6898AM
|
| 040 |
|
|
|a DLC
|c DLC
|d TXA
|d UtOrBLW
|
| 041 |
1 |
|
|a eng
|a chi
|
| 043 |
|
|
|a a-cc---
|
| 049 |
|
|
|a TXAM
|c [1233834]
|
| 050 |
0 |
0 |
|a TX415
|b .L813
|
| 082 |
0 |
|
|a 641.3/37/20951
|
| 100 |
1 |
|
|a Lu, Yu,
|d 733-804.
|
| 240 |
1 |
0 |
|a Cha ching. English
|
| 245 |
1 |
4 |
|a The classic of tea /
|c Translated and introduced by Francis Ross Carpenter and illustrated by Demi Hitz.
|
| 250 |
|
|
|a [1st ed.].
|
| 264 |
|
1 |
|a Boston :
|b Little, Brown,
|c [1974]
|
| 300 |
|
|
|a x, 177 pages :
|b illustrations ;
|c 22 cm.
|
| 336 |
|
|
|a text
|b txt
|2 rdacontent
|
| 337 |
|
|
|a unmediated
|b n
|2 rdamedia
|
| 338 |
|
|
|a volume
|b nc
|2 rdacarrier
|
| 500 |
|
|
|a Translation of Cha ching.
|
| 650 |
|
0 |
|a Tea
|x Early works to 1800.
|
| 650 |
|
0 |
|a Tea
|z China
|x History.
|
| 999 |
|
|
|a MARS
|
| 999 |
f |
f |
|s 219b11fd-0978-3b94-a40d-d89eb1dcabf3
|i e7e03ecd-ab47-32af-ac78-a97675e894f9
|t 0
|
| 952 |
f |
f |
|p normal
|a Texas A&M University
|b College Station
|c Sterling C. Evans Library
|d Evans: Library Stacks
|t 0
|e TX415 .L813
|h Library of Congress classification
|i unmediated -- volume
|m A14805673261
|
| 998 |
f |
f |
|a TX415 .L813
|t 0
|l Evans: Library Stacks
|